Quizzes
Events
Quiz Creation
Community
Videos
Private Events
Remove Ads
Sign In
Join for FREE
Feedback
Dark Mode
Quiz Categories
Sports
Geography
Music
Movies
Television
Just For Fun
Miscellaneous
History
Literature
Language
Science
Gaming
Entertainment
Religion
Holiday
For Kids
Quiz Lab
Recent
Popular Today
Quiz Kudos Today
Editor Picks
Curator Picks
Quizzes by...
Day
Popularity
Type
Ratings
Length
Year
Community
Subscriptions
Recent Discussions
Orange Saloon
Badges
Playlists
Quests
Create
Leaderboards
Showdown
Live 5
Trivia Bingo
Activity
Puzzle Library
Sporcle Events
Private Events
Virtual Trivia
Globe League
Become a Host
Pub Owners
SporcleCon
Opinionation
Our Games
Videos
Blog
Mobile Apps
Partnerships
Remove Ads and Go Orange
Feedback
Miscellaneous
Crossword
General Knowledge
Baby Names
Logo
Food
Cars
Numbers
Grab Bag
University
College
Popular
Company
Slogans
Restaurants
Justice
Letter
Miscellaneous
Crossword
General Knowledge
Baby Names
Logo
Food
Cars
Numbers
Grab Bag
University
College
Popular
Company
Slogans
Restaurants
Justice
Letter
Random Quiz
Search Sporcle
×
Quiz Lab
Quiz Lab
Miscellaneous
Type in answers that appear in a list
Type in answers that appear in a list
Classic
Best Score? Go Orange.
Crazy Eights Stats
Can you name the 8-letter thing for each category?
By
mavsfan0324
6m
24 Questions
136 Plays
136 Plays
136 Plays
Comments
Comments
Give Quiz Kudos
Give Quiz Kudos
-
- Ratings
hide this ad
Replay
Link that replays current quiz
Next Quiz
Link to next quiz in quiz playlist
You Got
0%
They Got
Avg Score
49%
Avg Friend Score
Upgrade to see
Score Distribution
Jump to the score distribution portion of the page
Score
0/24
Timer
06:00
0
Plays Today
Category
% Correct
Days of the Week
Thursday, Saturday
87.5%
US States
Arkansas, Colorado, Delaware, Illinois, Kentucky, Maryland, Michigan, Missouri, Nebraska, Oklahoma, Virginia
86.8%
Months
February, November, December
82.4%
NFL Teams
Dolphins, Patriots, Steelers, Chargers, Redskins, Panthers, Seahawks
72.1%
US Presidents
Van Buren, Harrison, FIllmore, Buchanan, Garfield, McKinley, Coolidge
69.9%
South American Countries
Colombia, Paraguay, Suriname
65.4%
American Idol Winners
Clarkson, Studdard
64.7%
US State Capitals
Hartford, Honolulu, Bismarck, Columbus, Columbia, Richmond, Cheyenne
64.7%
NHL Teams
Senators, Penguins, Panthers, Capitals, Red Wings
61.8%
British Prime Minister
Perceval, Robinson, Disraeli, Primrose, Thatcher
60.3%
MLB Teams
White Sox, Mariners, Phillies, Blue Jays
59.6%
European Union Members
Bulgaria, Portugal, Slovakia, Slovenia
57.4%
Category
% Correct
Non-
metal Elements
Hydrogen, Nitrogen, Selenium
56.6%
Zodiac Signs
Aquarius
50.7%
NBA Teams
Warriors, Clippers
47.8%
Pope Names With More Than 4 Occurances
Benedict, Innocent, Boniface, Nicholas, Honorius
40.4%
Shakespeare Plays
King John, King Lear
37.5%
NATO Phonetic Alphabet
November
34.6%
V8 Ingredients
Tomatoes
29.4%
Old Testament Books
Nehemiah, Proverbs, Jeremiah
22.1%
Beatles Studio Albums
Revolver
18.4%
Oscar Best Pictures
Cimarron, Tom Jones, The Sting
11%
Literature Nobelist
Carducci, Lagerlof, Faulkner, Asturias, Yasunari, Gordimer, Morrison, Saramago
9.6%
24 Pack Crayolas
Cerulean
5.9%
Quiz Playlist
Details
Report
Send in Message
Add To Playlist
Classic:
Type in answers that appear in a list
Last Updated: Feb 16, 2017
Quiz Scoreboard
CHALLENGE
Sign Up to Join the Scoreboard
Show All
Scores
Hide
Comments
May contain spoilers
Recently Published
Movies - When Are They Set?
by FPL_Elf
Movies
5m
Popular People in 1961
by mucciniale
History
6m
1-10 Letter E Words III
by El_Dandy
Language
2m
More to Explore
Quiz From the Vault
Featured Blog Post
Where Did the Easter Bunny Come From?
hide this ad
You Might Also Like...
Tags
This quiz does not have any tags.
Today's Top Quizzes in Miscellaneous
Browse Miscellaneous
hide this ad
Top Contributed Quizzes in Miscellaneous
1
The JOE quick-fire general knowledge quiz: Day 173
2
The JOE quick-fire general knowledge quiz: Day 172
3
5-to-1: Fast Food
4
Sunday Crossword: Famous Bodies of Water
5
The JOE quick-fire general knowledge quiz: Day 171
6
One Thing in Common: United Kingdom II
7
Named After an Animal - Odd One Out!
8
sort kpop groups by number of members
9
The JOE quick-fire quiz: Day 170
10
Sunday Crossword: Themeless #5
Explore More
Trending Topics
Disney
Harry Potter
NBA
Kpop
Anime
Marvel
Crossword
Soccer
The Office
Pokémon
Country
WWE
Puzzle
NFL
Song
hide this ad
More By:
mavsfan0324
Quiz
Plays
Rating
Category
Featured
Created
Top 100 Country Music Artist of All-Time
5,666
3.00
Music
Jul 28, 2010
All-Time Best Texas Rangers
871
3.00
Sports
Aug 16, 2010
Top 10 Most Common Facebook Names
488
2.83
Just For Fun
Jul 28, 2010
Top 10 Most Common Facebook Statuses
284
1.80
Just For Fun
Jul 28, 2010
Crazy Eights
136
4.20
Miscellaneous
Aug 8, 2010
Go to Creator's Profile
Score Distribution
Quiz Creator Spotlight
mavsfan0324
Follow
Send a Message
Quizzes Created
-
Created Quiz Play Count
-
More By This Creator
Popular Quizzes Today
1
Find the Countries of Europe - No Outlines Minefield
2
Find the US States - No Outlines Minefield
3
The Countries of the World
4
Popular People in 1961
5
US States
6
1-10 Letter E Words III
7
Find the US States
8
One Thing in Common: World Cities II
More Miscellaneous Quizzes
Fruit by Necklace
Published
Trending Quizzes
Risky Map Clicking: Least Populous States A-Z
1-10 Letter F Words
Humor Books: The Subtitles
1-10 Letter G Words
One Thing in Common: United Kingdom
Recently Updated
Leaping Animals
pecheneg
Reality TV Shows (A-Z)
bhenderson79
Rickey Henderson's Hall of Fame Teammates
pecheneg
Champions League XIs: Arsenal
pecheneg
Quick Pick: Celebrities in WWE's Hall of Fame
aduchscher
A-Z Keypad Blitz II
pecheneg
Multiple Oscar Actors
pecheneg
Mystery Phrase Blitz: Oscar 'Best Actors'
pecheneg
F. Scott Fitzgerald Novels
LTH
Pick 3 Villains
ddd62291
Trending Topics
Kpop
NBA
Anime
Marvel
Harry Potter
Disney
Crossword
WWE
NFL
Pokémon
Puzzle
The Office
Soccer
Song
Country
Your Account Isn't Verified!
In order to create a playlist on Sporcle, you need to verify the email address you used during registration. Go to your
Sporcle Settings
to finish the process.
Report this User
Report this user for behavior that violates our
Community Guidelines
.
Details:
Send Report
Go to the Sporcle.com Mobile Site →
Comments